Coupe du Monde 1982 - Un Joueur par équipe - Statistiques

Statistiques générales
  • Ce quiz a été pris 89 fois
  • Le résultat moyen est 16 sur 24
Statistiques - réponses
Hint Réponse % Correct
Alain Giresse France
97%
Paolo Rossi Italie
96%
Diego Maradona Argentine
94%
Sócrates Brésil
94%
Rabah Madjer Algérie
89%
Thomas N'Kono Cameroun
89%
Abdullah Al-Buloushi Koweït
85%
Vahid Halilhodžić Yougoslavie
83%
Oleg Blokhine URSS
79%
Zbigniew Boniek Pologne
77%
Franky Vercauteren Belgique
76%
Luis Arconada Espagne
73%
Kevin Keegan Angleterre
70%
Pierre Littbarski Allemagne de l'Ouest
68%
Antonín Panenka Tchécoslovaquie
66%
László Kiss Hongrie
65%
Gordon Strachan Ecosse
59%
Pat Jennings Irlande du Nord
51%
Herbert Prohaska Autriche
45%
Wynton Rufer Nouvelle-Zélande
45%
Rubén Toribio Díaz Pérou
32%
Patricio Yáñez Chili
31%
Ramón Maradiaga Honduras
31%
Luis Ramírez Zapata Salvador
17%
Aucun quiz correspondant
Distribution des résultats
% des personnes avec chaque résultat
Percentile par nombre de réponses
Votre historique - résultats
Vous n’avez pas pris ce quiz